000
00251nam a22001217a 4500
999
_c
158815
_d
158815
082
_a
_b
100
_a
Kundu C L
245
_a
Autonomous colleges/
_c
by Kundu C L.
260
_a
_b
Sterling,
_c
1993.
300
_a
143p.
650
_a
942
_c
BK